书目信息 |
| 题名: |
毛泽东与谈家桢
|
|
| 作者: | 张光武 著 | |
| 分册: | ||
| 出版信息: | 北京 华文出版社 2012.6 |
|
| 页数: | 231页 | |
| 开本: | 24cm | |
| 丛书名: | ||
| 单 册: | ||
| 中图分类: | A752 , K826.15=76 | |
| 科图分类: | ||
| 主题词: | ||
| 电子资源: | ||
| ISBN: | 978-7-5075-3715-4 | |
| 000 | 00964nam0 2200277 45 | |
| 001 | 1360551937 | |
| 005 | 20130530171213.54 | |
| 010 | @a978-7-5075-3715-4@dCNY29.80 | |
| 100 | @a20130513e20122012em y0chiy50 ea | |
| 101 | 0 | @achi |
| 102 | @aCN@b110000 | |
| 105 | @ay z 000yd | |
| 106 | @ar | |
| 200 | 1 | @a毛泽东与谈家桢@AMao Ze Dong Yu Tan Jia Zhen@f张光武著@FZhang Guang Wu Zhu |
| 205 | @a2版 | |
| 210 | @a北京@c华文出版社@d2012.6@h2012.5 | |
| 215 | @a231页@d24cm | |
| 300 | @a华文传记 统战人物传记系列 | |
| 330 | @a本书通过毛泽东和谈家桢一段交往,表现了毛泽东对我国科学事业和科学人才的重视和关心,展现了谈家桢等科学家的爱国情怀和学术情操,同时也展示了我国建国初期科学事业的发展历程。 | |
| 600 | 0 | @a毛泽东@f(1893-1976)@x生平事迹 |
| 600 | 0 | @a谈家桢@f(1909-2008)@x生平事迹 |
| 690 | @aA752@v5 | |
| 690 | @aK826.15=76@v5 | |
| 701 | 0 | @a张光武@AZhang Guang Wu@f(1946-)@4著 |
| 801 | @aCN@bTANGWEI@c20130523 | |
| 905 | @b0835293-97@dA752@e209=2@f5 | |
| 毛泽东与谈家桢/张光武著.-2版.-北京:华文出版社,2012.6(2012.5) |
| 231页;24cm |
| 华文传记 统战人物传记系列 |
| ISBN 978-7-5075-3715-4:CNY29.80 |
| 本书通过毛泽东和谈家桢一段交往,表现了毛泽东对我国科学事业和科学人才的重视和关心,展现了谈家桢等科学家的爱国情怀和学术情操,同时也展示了我国建国初期科学事业的发展历程。 |
| ● |
| 相关链接 |
|
|
|
|
正题名:毛泽东与谈家桢
索取号:A752/209=2
 
预约/预借
| 序号 | 登录号 | 条形码 | 馆藏地/架位号 | 状态 | 备注 |
| 1 | 0835293 | 208352931 | 第一样本阅览室/ [索取号:A752/209=2] | 在馆 | |
| 2 | 0835294 | 208352940 | 第一借阅区/ [索取号:A752/209=2] | 在馆 | |
| 3 | 0835295 | 208352959 | 第一借阅区/ [索取号:A752/209=2] | 在馆 | |
| 4 | 0835296 | 208352968 | 第一借阅区/ [索取号:A752/209=2] | 在馆 | |
| 5 | 0835297 | 208352977 | 第一借阅区/ [索取号:A752/209=2] | 在馆 |